| 000 | 00440cam a22001337a 4500 | ||
|---|---|---|---|
| 008 | 180718b1978 xxu||||| |||| 00| 0 eng d | ||
| 082 | _aBA27x54123 M315 | ||
| 100 | _aMann, R.S. | ||
| 245 |
_aBay Islander _cby R.S. Mann |
||
| 260 |
_aCalcutta _bInstitute of Social Research and Anthropology _c1978 |
||
| 300 | _a156p. | ||
| 650 | _aAndaman and Nicobar Islands (India) --Social conditions. | ||
| 650 | _aEthnology --Andaman and Nicobar Islands | ||
| 999 |
_c349883 _d349883 |
||